Databázové soubory a optimalizace zisku firmy

Zefektívnenie výrobného procesu, systému riadenia výroby a marketingu firmy matematickým modelovaním kvantifikujúcim vzťahy v ekonomickom systéme ekonomickým modelom. Naplnenie modelu aktuálnymi dátami podnikovej evidencie vo forme databázy na PC pomocou profesionálne spracovaného softwaru. Príklad...

Descrizione completa

Salvato in:
Dettagli Bibliografici
Autore principale: Lagová, Milada
Natura: Capitolo di libro
Lingua:ceco
Soggetti:
Tags: Aggiungi Tag
Nessun Tag, puoi essere il primo ad aggiungerne!!

MARC

LEADER 00000naa a2200000 4500
001 r024231
005 20221205085739.6
041 0 |a cze 
044 |a CZ 
245 1 0 |a Databázové soubory a optimalizace zisku firmy  |c Milada Lagová 
520 |a Zefektívnenie výrobného procesu, systému riadenia výroby a marketingu firmy matematickým modelovaním kvantifikujúcim vzťahy v ekonomickom systéme ekonomickým modelom. Naplnenie modelu aktuálnymi dátami podnikovej evidencie vo forme databázy na PC pomocou profesionálne spracovaného softwaru. Príklad formulácie riešenia modelu potravinárskeho podniku (spracúva morské mrazené ryby) multiplikatívnou simplexovou metódou. Zhodnotenie aplikácie. Modifikácia modelu. 
610 2 0 |a programy výrobné 
610 2 0 |a riadenie výroby 
610 2 0 |a marketing 
610 2 0 |a firmy 
610 2 0 |a modelovanie 
610 2 0 |a modely matematické 
610 2 0 |a báza dát 
610 2 0 |a evidencia 
610 2 0 |a modely výroby 
610 2 0 |a softvér 
100 1 |a Lagová, Milada